1401 1482 1544 1383 1024 1792 1112 1892 1223 1318 1940 1858 1564 1428 1866 1407 1148 1974 1866 1823 1064 1883 1600 1184 1048 1257 1787 1630 1684 1339 1021 1816 1636 1861 1147 1391 1298 1388 1048 1722 1074 1085 1092 1212 1774 1325 1298 1965 1931 1436 1509 1289 1101 1706 1249 1246 1405 1184 1047 1274 1948 1616 1740 1179 1405 1749 1442 1722 1715 1693 1856 1287 1270 1759 1869 1138 1632 1062 1333 1042 1858 1653 1829 1844 1804 1508 1475 1920 1267 1062 1712 1953 1955 1716 1257 1026 1551 1415 1054 BCNSPRNW ULIB Ver.6.0+V

เปลี่ยนเป็นภาษาไทย

Change to English
 แสดงรายละเอียดบรรณานุกรม
  กลับหน้าหลัก

Brief Record : Get Marc (ISO 2709) : E-mail record : QR code < ปิดหน้าต่าง
LEADER : 00000nam 2200000uu 4500
001    13399123474
003     ULIB
008    140923s2556||||th 000 0 tha d
020    ^a9786162792885
060  4 ^aWO275^bต367
100 0  ^aอังกาบ ปราการรัตน์,^eบรรณาธิการ
245 00 ^aตำราวิสัญญีวิทยา /^cบรรณาธิการ อังกาบ ปราการรัตน์ ... [และคนอื่นๆ]
250    ^aพิมพ์ครั้งที่ 4
260    ^aกรุงเทพฯ :^bภาควิชาวิสัญญีวิทยา คณะแพทยศาสตร์ศิริราชพยาบาล,^c2556
300    ^a964 หน้า :^bภาพประกอบ
650  7 ^aวิสัญญีวิทยา
945    ^p550^l0^i20808
945    ^p550^l0^i20809
945    ^p550^l0^i20810
945    ^p550^l0^i20811
945    ^p550^l0^i20812
999    ^aทศพร เกษรทอง
รายการนี้ยังไม่มีแท็ก
คุณยังไม่ได้ล็อกอิน คุณสามารถมีกิจกรรมร่วมกับเว็บไซต์ได้ แต่ต้องล็อกอินก่อน ::
  ล็อกอิน

รายการสื่อสารสนเทศ

ลำดับที่ ประเภท เลขเรียก/บาร์โค้ด สถานที่ สถานะ
1. วิทยาศาสตร์การแพทย์ และสุขภาพ
วิทยาศาสตร์การแพทย์ และสุขภาพ
สถานะ=หนังสือเก่า
WO275 ต367 ฉ.1 
  Barcode: 20808
ห้องสมุดวิทยาเขตนครสวรรค์
►ส่วนจัดเก็บหนังสือเก่า นว.
บนชั้น
  ขอยืม
2. วิทยาศาสตร์การแพทย์ และสุขภาพ
วิทยาศาสตร์การแพทย์ และสุขภาพ
สถานะ=หนังสือเก่า
WO275 ต367 ฉ.2 
  Barcode: 20809
ห้องสมุดวิทยาเขตนครสวรรค์
►ส่วนจัดเก็บหนังสือเก่า นว.
บนชั้น
  ขอยืม
3. วิทยาศาสตร์การแพทย์ และสุขภาพ
วิทยาศาสตร์การแพทย์ และสุขภาพ
สถานะ=หนังสือเก่า
WO275 ต367 ฉ.3 
  Barcode: 20810
ห้องสมุดวิทยาเขตนครสวรรค์
►ส่วนจัดเก็บหนังสือเก่า นว.
บนชั้น
  ขอยืม
4. วิทยาศาสตร์การแพทย์ และสุขภาพ
วิทยาศาสตร์การแพทย์ และสุขภาพ
สถานะ=หนังสือเก่า
WO275 ต367 ฉ.4 
  Barcode: 20811
ห้องสมุดวิทยาเขตนครสวรรค์
►ส่วนจัดเก็บหนังสือเก่า นว.
บนชั้น
  ขอยืม
5. วิทยาศาสตร์การแพทย์ และสุขภาพ
วิทยาศาสตร์การแพทย์ และสุขภาพ
สถานะ=หนังสือเก่า
WO275 ต367 ฉ.5 
  Barcode: 20812
ห้องสมุดวิทยาเขตนครสวรรค์
►ส่วนจัดเก็บหนังสือเก่า นว.
บนชั้น
  ขอยืม

รายการใกล้เคียง
    หัวเรื่อง [วิสัญญีวิทยา]

BibComment


ยังไม่เคยถูกคอมเมนท์

คอมเมนท์ทรัพยากรรายการนี้
  คอมเมนท์: ตำราวิสัญญีวิทยา..


 Copyright 2026. Bcnsprnw @Library